000
00258nam a2200109Ia 4500
008
230822s9999 xx 000 0 und d
041
_a
eng
100
_a
FLEMINGO CLOHN
245
_a
DICTIONARY OF ARCHITECTURE
260
_b
PENGUIN BOOKS LTD
300
_a
327
999
_c
860010
_d
860010